Ministres du gouvernement de Dominique de Villepin - Statistiques

Statistiques générales
  • Ce quiz a été pris 120 fois
  • Le résultat moyen est 8 sur 17
Statistiques - réponses
Hint Réponse % Correct
Premier ministre Dominique de Villepin
99%
Ministre d'État, ministre de l’Intérieur et de l'Aménagement du territoire Nicolas Sarkozy
93%
Ministre de la Défense Michèle Alliot-Marie
74%
Ministre de l'Emploi, de la Cohésion sociale et du Logement Jean-Louis Borloo
62%
Ministre de la Santé et des Solidarités Xavier Bertrand
60%
Ministre de l'Outre-Mer François Baroin
48%
Ministre des Affaires étrangères Philippe Douste-Blazy
45%
Ministre de l'Économie, des Finances et de l'Industrie Thierry Breton
41%
Ministre des Transports, de l'Équipement, du Tourisme et de la Mer Dominique Perben
40%
Ministre de la Jeunesse, des Sports et de la Vie associative Jean-François Lamour
35%
Ministre de l'Éducation nationale, de l'Enseignement supérieur et de la Recherche Gilles de Robien
34%
Garde des Sceaux, ministre de la Justice Pascal Clément
32%
Ministre de la Culture et de la Communication Renaud Donnedieu de Vabres
26%
Ministre de l'Agriculture et de la Pêche Dominique Bussereau
23%
Ministre de la Fonction publique Christian Jacob
21%
Ministre de l'Écologie et du Développement durable Nelly Olin
20%
Ministre des Petites et moyennes Entreprises, du Commerce, de l'Artisanat et des Professions libérales Renaud Dutreil
20%
Aucun quiz correspondant
Distribution des résultats
% des personnes avec chaque résultat
Percentile par nombre de réponses
Votre historique - résultats
Vous n’avez pas pris ce quiz